Hơn cả yêu thương : 8 sandpiper way

Na minha lista:
Detalhes bibliográficos
Autor principal: Macomber, Debbie
Formato: Livro
Idioma:Undetermined
Publicado em: Hà Nội Hội nhà văn 2009
Assuntos:
Tags: Adicionar Tag
Sem tags, seja o primeiro a adicionar uma tag!
Thư viện lưu trữ: Trung tâm Học liệu Trường Đại học Cần Thơ
LEADER 00631nam a2200205Ia 4500
001 CTU_181102
008 210402s9999 xx 000 0 und d
020 |c 47000 
082 |a 813.54 
082 |b M185 
100 |a Macomber, Debbie 
245 0 |a Hơn cả yêu thương : 
245 0 |b 8 sandpiper way 
245 0 |c Debbie Macomber ; Lê Thanh Ái (Dịch) 
260 |a Hà Nội 
260 |b Hội nhà văn 
260 |c 2009 
650 |a American literature,American fiction,Văn học Mỹ,Tiểu thuyết Mỹ 
904 |i Phượng 
980 |a Trung tâm Học liệu Trường Đại học Cần Thơ